Ảnh hưởng của cấu trúc vốn đến khả năng sinh lời của các ngân hàng thương mại Việt Nam : Luận văn tốt nghiệp Cao học. Chuyên ngành Tài chính - Ngân hàng

Đánh giá thực trạng cấu trúc vốn và khả năng sinh lời của các ngân hàng thương mại Việt Nam, phân tích ảnh hưởng của cấu trúc vốn đến khả năng sinh lời của các ngân hàng thương mại Việt Nam.

Saved in:
Bibliographic Details
Main Author: Huỳnh, Thanh Bích Phương
Format: Book
Language:Undetermined
Published: Cần Thơ Trường Đại học Cần Thơ 2019
Subjects:
Tags: Add Tag
No Tags, Be the first to tag this record!
Institutions: Trung tâm Học liệu Trường Đại học Cần Thơ
LEADER 01195nam a2200217Ia 4500
001 CTU_231843
008 210402s9999 xx 000 0 und d
082 |a 332.12 
082 |b Ph561 
088 |a 8340201 
100 |a Huỳnh, Thanh Bích Phương 
245 0 |a Ảnh hưởng của cấu trúc vốn đến khả năng sinh lời của các ngân hàng thương mại Việt Nam : 
245 0 |b Luận văn tốt nghiệp Cao học. Chuyên ngành Tài chính - Ngân hàng 
245 0 |c Huỳnh Thanh Bích Phương ; Huỳnh Thanh Nhã (Cán bộ hướng dẫn) 
260 |a Cần Thơ 
260 |b Trường Đại học Cần Thơ 
260 |c 2019 
520 |a Đánh giá thực trạng cấu trúc vốn và khả năng sinh lời của các ngân hàng thương mại Việt Nam, phân tích ảnh hưởng của cấu trúc vốn đến khả năng sinh lời của các ngân hàng thương mại Việt Nam. 
650 |a Banks and banking,Ngân hàng và nghiệp vụ ngân hàng 
910 |b nthai 
980 |a Trung tâm Học liệu Trường Đại học Cần Thơ